| 000 | 00395nam a2200157Ia 4500 | ||
|---|---|---|---|
| 008 | 230312s9999||||xx |||||||||||||| ||und|| | ||
| 020 | _a81-7808-038-9 | ||
| 082 |
_a006.6 _bFLO-C |
||
| 100 | _aFoley,James.D | ||
| 245 | 0 | _aComputer Graphics | |
| 260 |
_bPearsons Education _aIndia _c2005 |
||
| 300 | _a1158 | ||
| 546 | _aEng. | ||
| 650 |
_aComputer _vSimple Raster Graphics Package |
||
| 942 | _cBK | ||
| 999 |
_c2833 _d2833 |
||